000 00918cab a2200229 4500
001 ABS55677
008 090401t1996 xxu||||| |||| 00| 0 eng d
035 _a(Sirsi) u17968
041 _aeng
245 _aHow much do valuers vary in their valuations of commercial property
260 _c1996
350 _a0
490 _aRICS Research Findings
_v(2) July 1996, (4)
520 _aSummarises the key points of "Variations in the capital valuations of UK commercial property" (RICS Books £7.95). RICS funded research carried out by the Universities of Aberdeen and Ulster. (Summary available free of charge from Stephen Brown, Research Officer, 0171-334-3725)
650 _aCAPITAL VALUATION
650 _aPROPERTY-COMMERCIAL PROPERTY
650 _aRICS
650 _aVALUATIONS
690 _aPROPERTY-COMMERCIAL PROPERTY-COMMERCIAL PROPERTY APPRAISAL AND VALUATION
942 _n0
948 _c04/03/1997
999 _c11916
_d11916